|
|
|
|
| LEADER |
00000cam a2200000 a 4500 |
| 001 |
vtls001401897 |
| 003 |
SK-MaSNL |
| 005 |
20260302071956.0 |
| 008 |
180129s1962 xo l frnp 00000 slo |
| 015 |
|
|
|a SNBA1962
|
| 020 |
|
|
|q (viazané)
|
| 035 |
|
|
|a SNK000356417
|
| 040 |
|
|
|a SNK
|b slo
|c SNK
|e AACR2
|
| 041 |
0 |
|
|a slo
|
| 044 |
|
|
|a xo
|c SK
|
| 072 |
|
7 |
|a 339.7/.9
|x Svetová ekonomika a medzinárodné financie
|2 konspekt
|
| 072 |
|
7 |
|a 63
|x Poľnohospodárstvo a príbuzné oblasti vedy a techniky
|2 konspekt
|
| 072 |
|
7 |
|a 37.016
|x Učebné osnovy. Vyučovacie predmety. Učebnice
|2 konspekt
|
| 080 |
|
|
|a 339.9
|2 2011
|
| 080 |
|
|
|a 631
|2 2011
|
| 080 |
|
|
|a (075.8)
|2 2011
|
| 100 |
1 |
|
|a Klinko, Ladislav,
|d 1934-
|4 aut
|9 39914
|
| 245 |
1 |
0 |
|a Ekonomické vzťahy v poľnohospodárstve založenom na družstevnom socialistickom vlastníctve
|c Ladislav Klinko
|
| 250 |
|
|
|a 1. vyd.
|
| 260 |
|
|
|a Bratislava
|b Slovenské pedagogické nakladateľstvo
|c 1962
|
| 300 |
|
|
|a 88 strán
|b schémy, tabuľky
|c 28 cm
|
| 366 |
|
|
|e 255 kusov
|
| 490 |
1 |
|
|a Vysokoškolské učebné texty
|
| 500 |
|
|
|a Vydal Rektorát Vysokej školy ekonomickej v Bratislave
|
| 500 |
|
|
|a Vydala Vysoká škola ekonomická v Bratislave, Fakulta politickej ekonómie
|
| 500 |
|
|
|a Vysvetlivky
|
| 504 |
|
|
|a Obsahuje bibliografiu
|
| 650 |
0 |
7 |
|a hospodárske vzťahy
|2 SNKPH
|9 2283
|
| 650 |
0 |
7 |
|a poľnohospodárstvo
|2 SNKPH
|9 679
|
| 650 |
0 |
7 |
|a socialistické vlastníctvo
|2 SNKPH
|9 307892
|
| 655 |
|
7 |
|a učebnice vysokých škôl
|2 SNKPH
|9 70191
|
| 710 |
2 |
|
|a Vysoká škola ekonomická v Bratislave.
|b Rektorát
|4 pbl
|9 178980
|
| 810 |
2 |
|
|a Vysoká škola ekonomická v Bratislave.
|b Fakulta politickej ekonómie
|t Vysokoškolské učebné texty
|9 215165
|
| 958 |
|
|
|a RK
|
| 958 |
|
|
|a TL
|
| 958 |
|
|
|a OND
|
| 958 |
|
|
|a UV
|
| 958 |
|
|
|a NB
|
| 958 |
|
|
|a SP
|
| 999 |
|
|
|c 1154449
|d 1156379
|
| 952 |
|
|
|a SNK
|b SNK
|y PREZ
|7 0
|p 17A0259329
|o snkSB 9634
|i snkKSP 33/63
|0 0
|1 0
|4 0
|d 2000-12-04
|f 1
|l 0
|r 2025-03-04 00:00:00
|w 2026-02-24
|
| 952 |
|
|
|t P60, <04>, [BOOK], {604}
|a SNK
|b SNK
|y VYP
|7 0
|p 17A0259328
|o snkSB 9634 D1
|i snkKSP 34/63
|0 0
|1 0
|4 0
|d 2000-12-04
|l 0
|r 2005-01-02 00:00:00
|w 2026-02-24
|